00449 a2200169 4500001000700000020000600007040001100013100002400024240002900048245002400077362000900101440000900110697003200119942000700151952010200158999001900260179590 a  cMagnum aAlbergaria, Lino de10aA praia dos duendeslpor10aA praia dos duendes0 a1899 1aLè‚ aMAGNITO: IJ/FADAS, FANTASIA cBK 00104070a32.5b32.5d2024-06-08l0oLI.01357pMAG00029396r2024-06-08 20:53:20w2024-06-08yBK c179590d179590